01780nam a22002057a 4500999001700000020001800017041001300035082001600048245011200064260004700176300001000223504002000233520110300253546001301356650002201369650002001391700002501411942001201436952012601448 c38046d38046 a9781137427496 aEnglish. a659.2bWES- aWestern European perspectives on the development of public relations :bother voices/cEdited by T. Watson  aBasingstoke :bPalgrave Macmillan, c2015. a174p. aIncludes Index. aThe history of public relations has long been presented in a corporatist Anglo-American framework. The National Perspectives on the Development of Public Relations: Other Voices series is the first to offer an authentic world-wide view of the history of public relations freed from those influences. The series will feature six books, five of which cover continental and regional groups including (Book 1) Asia and Australasia, (Book 2) Eastern Europe and Russia, (Book 3) Middle East and Africa, (Book 4) Latin America and Caribbean and (Book 5) Western Europe. The sixth book will have essays on new and revised historiographical and theoretical approaches. Written by leading national public relations historians and scholars, some histories of national public relations development are offered for the first time while others are reinterpreted in a more authentic style. The National Perspectives on the Development of Public Relations: Other Voices series makes a major contribution to the wider knowledge of PR's history and aids formation of new historiographical and theoretical approaches. aEnglish. aPublic relations. aWestern Europe. aWatson, Tomeeditor. 2ddccBK 00104070aNASSDOCbNASSDOCd2023-03-16eOverseasg0.00l0o659.2 WES-p52636r2023-05-11 00:00:00v0.00w2023-05-11yBK